|
|
|
|
| LEADER |
00000nas a2200000 a 4500 |
| 001 |
ssj0005448 |
| 003 |
WaSeSS |
| 005 |
20200512172242.0 |
| 006 |
m d |
| 007 |
cr n |
| 008 |
971013c19929999ua uu pss 0 a0eng c |
| 010 |
|
|
|a 2006242024
|
| 016 |
7 |
|
|a 011457425
|2 Uk
|
| 022 |
|
|
|a 1466-1861
|l 0962-9351
|y 0962-9351
|
| 035 |
|
|
|a (WaSeSS)ssj0005448
|
| 040 |
|
|
|a F#A
|b eng
|c F#A
|d OCL
|d OCLCQ
|d OCL
|d MYG
|d OCLCQ
|d DLC
|d MUQ
|d OCLCQ
|d HUL
|d OCLCQ
|d OCLCF
|d OCLCQ
|d OCLCO
|d WT2
|d OCLCA
|d BUF
|d OCLCQ
|d OCLCO
|d AU@
|d OCLCO
|d WYU
|d U3W
|d OCLCO
|d OCLCA
|d VT2
|d OCLCO
|d UKMGB
|d OCLCA
|d OCLCQ
|d OCLCA
|d SFB
|d WaSeSS
|
| 042 |
|
|
|a pcc
|
| 050 |
0 |
0 |
|a RB131
|
| 082 |
0 |
4 |
|a 616.0473
|
| 130 |
0 |
|
|a Mediators of inflammation (Online)
|
| 222 |
|
0 |
|a Mediators of inflammation
|b (Online)
|
| 245 |
1 |
0 |
|a Mediators of inflammation
|h [electronic resource].
|
| 260 |
|
|
|a [Cairo] :
|b Hindawi Pub. Corp.,
|c ©1992-
|
| 500 |
|
|
|a Vol. 1, issue 1 (1992)-
|
| 500 |
|
|
|a Title from journal contents page (publisher's Web site, viewed June 28, 2006).
|
| 500 |
|
|
|a Earlier published: Abingdon, England : Carfax.
|
| 500 |
|
|
|a Provisional versions of recently accepted articles also available on publisher's Web site.
|
| 506 |
|
|
|a License restrictions may limit access.
|
| 515 |
|
|
|a Volumes for 2005- called: Vol. 2005-, without numeric designations.
|
| 515 |
|
|
|a Articles also have ID numbers.
|
| 538 |
|
|
|a Mode of access: World Wide Web.
|
| 588 |
1 |
|
|a Q3 of 2008 (viewed June 30, 2008).
|
| 650 |
|
0 |
|a Inflammation
|x Mediators
|v Periodicals.
|
| 650 |
|
0 |
|a Biological response modifiers
|v Periodicals.
|
| 650 |
|
2 |
|a Autacoids.
|
| 650 |
|
2 |
|a Immunologic Factors.
|
| 650 |
|
2 |
|a Cell Adhesion Molecules.
|
| 650 |
|
2 |
|a Cell Communication.
|
| 650 |
|
2 |
|a Cytokines.
|
| 650 |
|
2 |
|a Inflammation.
|
| 650 |
|
6 |
|a Inflammation (Pathologie)
|x Médiateurs.
|
| 650 |
|
6 |
|a Immunomodulateurs.
|
| 650 |
|
7 |
|a Biological response modifiers.
|2 fast
|0 (OCoLC)fst00832312
|
| 650 |
|
7 |
|a Inflammation
|x Mediators.
|2 fast
|0 (OCoLC)fst00972436
|
| 655 |
|
0 |
|a Electronic journals.
|
| 776 |
0 |
8 |
|i Print version:
|t Mediators of inflammation
|x 0962-9351
|w (DLC)sn 92033409
|w (OCoLC)26501563
|
| 850 |
|
|
|a DLC
|
| 856 |
4 |
0 |
|z Full text available from Research Library: 01/01/2014 to present
|u https://search.proquest.com/publication/2037497
|